00377nam a2200133Ia 4500008004100000020001500041041001200056082001100068100001600079245008800095260003800183300000900221650001300230221030s9999 xx 000 0 und d a8188458937 aEnglish a105.23 aJ. B. Gupta 2aA Course in Electronics & Electrical Measurements & Instrumentationcby J. B. Gupta bS. K. Kataria & SonsaDelhic2011 a1572 aECE & EE